Statistics for Ligue 1 Top Goalscorer since 2000

Click here to take the quiz!

General Stats

  • This quiz has been taken 52 times
  • The average score is 13 of 20

Answer Stats

Saison Joueur Club Buts % Correct
2018Edinson CavaniParis Saint-Germain28
100%
2016Zlatan IbrahimovicParis Saint-Germain38
98%
2019Kylian MbappéParis Saint-Germain33
96%
2015Alexandre LacazetteOlympique Lyonnais27
82%
2012Olivier GiroudMontpellier HSC21
80%
2008Karim BenzemaOlympique Lyonnais20
62%
2007Pedro Miguel PauletaParis Saint-Germain15
60%
2009André-Pierre GignacToulouse FC24
56%
2004Djibril CisséAJ Auxerre26
49%
2001Sonny AndersonOlympique Lyonnais22
40%
2011Moussa SowLille OSC25
33%
2010Mamadou NiangOlympique de Marseille18
31%
2003Shabani NondaAS Monaco26
22%
2005Alexander FreiStade Rennais20
20%

Score Distribution

Percentile by Number Answered

Percent of People with Each Score

Your Score History

You have not taken this quiz